000 00774nam a2200193Ii 4500
003 JO-AjNU
008 230605s9999||||xx |||||||||||||| ||und||
040 _aJO-AjNU
_bara
_erda
_cJO-AjNU
041 _aara
050 1 4 _aD421.M85.1970
100 3 _aصبري، موسى,
_eauthor
_948826
245 0 0 _aمخبر صخفي وراء أحداث عشر ثورات
264 3 1 _aالقاهرة: دار المعارف، 1970
300 _a581ص
_bصور توضيحية
336 _atext
_btxt
_2rdacontent
337 _aunmediated
_bn
_2rdamedia
338 _avolume
_bnc
_2rdacarrier
650 4 _aالثورات- البلاد العربية، ايران-تاريخ-قرن 20، البلاد العربية - تاريخ، البلاد العربية-سياسة وحكومة
_948827
999 _aA21408
_c24976
_d24976